[Event "Catalunya-chT Gp2"]
[Site "Barcelona"]
[Date "2024.02.03"]
[Round "3.10"]
[White "Bravo Barranco, Narciso"]
[Black "Parra Ordorica, Arnau"]
[Result "1-0"]
[WhiteElo "2174"]
[BlackElo "1865"]
[PlyCount "103"]
[EventDate "2024.01.20"]
[EventType "team-tourn"]
[EventRounds "7"]
[EventCountry "ESP"]
[SourceTitle "CB11_2024"]
[SourceDate "2024.03.13"]
[SourceVersion "1"]
[SourceVersionDate "2024.03.13"]
[SourceQuality "1"]
[WhiteTeam "Barbera"]
[BlackTeam "Llinars"]
[WhiteTeamCountry "ESP"]
[BlackTeamCountry "ESP"]

1. e4 e5 2. Nf3 Nc6 3. Bb5 a6 4. Ba4 Nf6 5. d3 b5 6. Bb3 Bc5 7. c3 d6 8. Nbd2 0-0 9. Nf1 d5 10. Qe2 h6 11. Ng3 Re8 12. 0-0 d4 13. Qc2 Na5 14. cxd4 Nxb3 15. axb3 Bxd4 16. Nxd4 Qxd4 17. Be3 Qd6 18. Rfd1 Be6 19. d4 Ng4 20. d5 Nxe3 21. fxe3 Bd7 22. Rac1 Rac8 23. Qc5 Qxc5 24. Rxc5 c6 25. b4 g6 26. Ra1 cxd5 27. exd5 Ra8 28. Ne4 Red8 29. Rc7 Bf5 30. Nc5 e4 31. Rd1 Rac8 32. Nxa6 Rd6 33. Rxc8+ Bxc8 34. Nc5 f5 35. Ra1 Rxd5 36. Ra8 Rd8 37. Ne6 Rd1+ 38. Kf2 Kf7 39. Ke2 Rd6 40. Nd4 Be6 41. b3 Rd7 42. Ra6 Re7 43. Rb6 Bd7 44. h4 h5 45. Kf2 Be8 46. Kg3 Ra7 47. Kf4 Ra2 48. Ke5 Kg7 49. Ne6+ Kh6 50. Rb8 Rxg2 51. Rxe8 g5 52. hxg5+ 1-0

[Event "Ship Zenith op 8th"]
[Site "Ship Zenith"]
[Date "2019.11.13"]
[Round "5.2"]
[White "Bravo Barranco, Narciso"]
[Black "Villa Brullet, David"]
[Result "1-0"]
[WhiteElo "2245"]
[BlackElo "1736"]
[PlyCount "107"]
[EventDate "2019.11.09"]
[EventType "swiss"]
[EventRounds "8"]
[EventCountry "ESP"]
[SourceTitle "EXT 2024"]
[Source "ChessBase"]
[SourceDate "2023.10.10"]
[SourceVersion "1"]
[SourceVersionDate "2023.10.10"]
[SourceQuality "1"]

1. e4 c6 2. d4 d5 3. e5 Bf5 4. Nc3 e6 5. g4 Bg6 6. Nge2 c5 7. Be3 cxd4 8. Nxd4 Nc6 9. Qe2 Bb4 10. Bg2 Nge7 11. a3 Ba5 12. 0-0 0-0 13. Nxc6 Nxc6 14. Bc5 Re8 15. Nb5 Bb6 16. Bxb6 Qxb6 17. c4 dxc4 18. Nd6 Rf8 19. Nxc4 Qb3 20. Nd6 Nd4 21. Qd1 Bd3 22. Qxb3 Nxb3 23. Rfd1 Bc2 24. Rac1 Bxd1 25. Rxd1 Na5 26. Rc1 Nc6 27. f4 Rab8 28. b4 a6 29. Bxc6 bxc6 30. Rxc6 Ra8 31. Kf2 h6 32. Ke3 g5 33. f5 Kg7 34. Rc7 exf5 35. gxf5 Rad8 36. Ke4 h5 37. Kd5 g4 38. e6 Kf6 39. e7 Rxd6+ 40. Kxd6 Re8 41. a4 h4 42. Rc4 Rxe7 43. Rxg4 Re5 44. Rxh4 Rxf5 45. Re4 Rf2 46. h4 Ra2 47. b5 axb5 48. axb5 Rb2 49. Rf4+ Kg6 50. Kc5 Rc2+ 51. Rc4 Rb2 52. b6 Kf6 53. Kc6 Ke5 54. b7 1-0

[Event "La Pobla de Lillet op-A 29th"]
[Site "La Pobla de Lillet"]
[Date "2019.08.08"]
[Round "7"]
[White "Bravo Barranco, Narciso"]
[Black "Cervello Tost, Roger"]
[Result "1-0"]
[WhiteElo "2246"]
[BlackElo "2041"]
[PlyCount "71"]
[EventDate "2019.08.02"]
[EventType "swiss"]
[EventRounds "9"]
[EventCountry "ESP"]
[SourceTitle "EXT 2020"]
[Source "ChessBase"]
[SourceDate "2019.10.17"]
[SourceVersion "1"]
[SourceVersionDate "2019.10.17"]
[SourceQuality "1"]

1. e4 e5 2. Nf3 Nc6 3. Bb5 a6 4. Ba4 Nf6 5. d3 b5 6. Bb3 Be7 7. Nbd2 0-0 8. c3 d5 9. Qe2 Bg4 10. h3 Bh5 11. Nf1 Bxf3 12. Qxf3 dxe4 13. dxe4 Na5 14. Ng3 g6 15. Bc2 c5 16. Bh6 Re8 17. Nf5 Nh5 18. 0-0 Bf8 19. Rad1 Qf6 20. Rd7 gxf5 21. Bxf8 Qg5 22. Bxc5 f4 23. Rfd1 Rac8 24. Be7 f6 25. Bd8 Nc4 26. Bb3 Ng7 27. Qg4 Qxg4 28. hxg4 Ne6 29. Bxf6 Nc5 30. Bxc4+ bxc4 31. g5 Nd3 32. Rg7+ Kf8 33. Rxh7 Rb8 34. b3 Nc5 35. f3 cxb3 36. axb3 1-0

[Event "Catalunya-ch"]
[Site "Vila Seca"]
[Date "2019.04.20"]
[Round "5"]
[White "Bravo Barranco, Narciso"]
[Black "Jareno Badenas, Aleix"]
[Result "1/2-1/2"]
[WhiteElo "2252"]
[BlackElo "2055"]
[PlyCount "63"]
[EventDate "2019.04.18"]
[EventType "swiss"]
[EventRounds "8"]
[EventCountry "ESP"]
[SourceTitle "CBM 189 Extra"]
[Source "ChessBase"]
[SourceDate "2019.06.03"]
[SourceVersion "1"]
[SourceVersionDate "2019.06.03"]
[SourceQuality "1"]

1. e4 e6 2. d4 d5 3. Nd2 Nf6 4. e5 Nfd7 5. Bd3 c5 6. c3 Nc6 7. Ne2 cxd4 8. cxd4 f6 9. exf6 Nxf6 10. Nf3 Bd6 11. 0-0 0-0 12. Bd2 Qc7 13. Ng3 Bd7 14. Rc1 Qb6 15. Bc3 Nb4 16. Bb1 Bf4 17. Bd2 Bd6 18. a3 Nc6 19. Bc3 Na5 20. Ne5 Be8 21. b4 Nc4 22. Qb3 Bxe5 23. dxe5 Nh5 24. Qd1 Nxg3 25. hxg3 Nxa3 26. Bd4 Qa6 27. Rc7 Nxb1 28. Qxb1 Bc6 29. Rc1 Qe2 30. b5 Bxb5 31. Qb4 Bc6 32. Qb1 1/2-1/2

[Event "Catalunya-chT"]
[Site "Catalunya"]
[Date "2014.03.08"]
[Round "7.1"]
[White "Bergez, Luc"]
[Black "Bravo Barranco, Narciso"]
[Result "1-0"]
[WhiteElo "2368"]
[BlackElo "2251"]
[PlyCount "47"]
[EventDate "2014.01.25"]
[EventType "team"]
[EventRounds "11"]
[EventCountry "ESP"]
[SourceTitle "EXT 2015"]
[Source "ChessBase"]
[SourceDate "2014.11.20"]
[SourceVersion "1"]
[SourceVersionDate "2014.11.20"]
[SourceQuality "1"]
[WhiteTeam "Barbera"]
[BlackTeam "Montcada"]
[WhiteTeamCountry "ESP"]
[BlackTeamCountry "ESP"]

1. e4 d5 2. exd5 Qxd5 3. Nc3 Qd6 4. d4 c6 5. Nf3 Bg4 6. h3 Bxf3 7. Qxf3 Nf6 8. g4 g6 9. g5 Nh5 10. Bc4 e6 11. Be3 Nd7 12. 0-0-0 Be7 13. h4 Qb4 14. Be2 Qa5 15. Kb1 Rf8 16. Qh3 Ng7 17. Bf4 Nf5 18. Bg4 0-0-0 19. Ne4 Nb6 20. Bh2 Nc4 21. Qb3 Qb5 22. Qxb5 cxb5 23. d5 Nb6 24. d6 1-0

[Event "Catalunya-chT"]
[Site "Catalunya"]
[Date "2014.02.22"]
[Round "5.1"]
[White "Fassnacht, Peter"]
[Black "Bravo Barranco, Narciso"]
[Result "0-1"]
[WhiteElo "2149"]
[BlackElo "2251"]
[PlyCount "72"]
[EventDate "2014.01.25"]
[EventType "team"]
[EventRounds "11"]
[EventCountry "ESP"]
[SourceTitle "EXT 2015"]
[Source "ChessBase"]
[SourceDate "2014.11.20"]
[SourceVersion "1"]
[SourceVersionDate "2014.11.20"]
[SourceQuality "1"]
[WhiteTeam "Andorra"]
[BlackTeam "Montcada"]
[WhiteTeamCountry "AND"]
[BlackTeamCountry "ESP"]

1. d4 d5 2. Bf4 c6 3. c3 Bf5 4. e3 e6 5. Nf3 Bd6 6. Bg3 Ne7 7. Nbd2 0-0 8. Nh4 Qc7 9. Bxd6 Qxd6 10. g4 Bg6 11. Nxg6 Nxg6 12. f4 c5 13. Bd3 Nc6 14. Qf3 cxd4 15. cxd4 Nb4 16. Qe2 Rfc8 17. 0-0 Nxd3 18. Qxd3 Rc7 19. Nf3 Nf8 20. Rad1 Qb4 21. Rd2 Nd7 22. g5 Rac8 23. f5 Re8 24. Rdf2 e5 25. dxe5 Nxe5 26. Nxe5 Rxe5 27. Rg2 Qc4 28. Qb1 Rxe3 29. g6 Qe4 30. gxh7+ Kxh7 31. Qd1 Kg8 32. Qh5 f6 33. Rg4 Qe8 34. Qh6 Re4 35. Rg3 Qe5 36. Qh5 Re1 0-1

[Event "Catalunya-chT Honor"]
[Site "Catalunya"]
[Date "2013.03.16"]
[Round "9.10"]
[White "Bravo Barranco, Narciso"]
[Black "Ballester Benito, Rocco"]
[Result "1-0"]
[WhiteElo "2246"]
[BlackElo "1792"]
[PlyCount "65"]
[EventDate "2013.01.19"]
[EventType "team-tourn"]
[EventRounds "11"]
[EventCountry "ESP"]
[SourceTitle "EXT 2014"]
[Source "ChessBase"]
[SourceDate "2013.11.20"]
[SourceVersion "1"]
[SourceVersionDate "2013.11.20"]
[SourceQuality "1"]
[WhiteTeam "Montcada"]
[BlackTeam "Foment Martinenc"]
[WhiteTeamCountry "ESP"]
[BlackTeamCountry "ESP"]

1. e4 c5 2. Nf3 a6 3. c4 e6 4. Nc3 Nc6 5. Be2 Nd4 6. 0-0 Ne7 7. Re1 Nec6 8. Bf1 d6 9. Nxd4 Nxd4 10. Ne2 Qf6 11. Nxd4 cxd4 12. d3 Be7 13. f4 0-0 14. g3 Bd7 15. Bg2 Bc6 16. b4 e5 17. Rf1 Qe6 18. a4 Rfc8 19. a5 Bd8 20. Qh5 Qe8 21. Bh3 Bd7 22. Ra2 Bxh3 23. Qxh3 b5 24. axb6 Bxb6 25. fxe5 dxe5 26. Bd2 Qc6 27. Qf5 f6 28. Rfa1 Bd8 29. b5 axb5 30. Rxa8 Rxa8 31. Rxa8 Qxa8 32. Qe6+ Kf8 33. Bb4+ 1-0

[Event "Catalunya-chT"]
[Site "Catalunya"]
[Date "2012.02.18"]
[Round "4.8"]
[White "Codina Garcia, Jose"]
[Black "Bravo Barranco, Narciso"]
[Result "0-1"]
[WhiteElo "2130"]
[BlackElo "2238"]
[PlyCount "92"]
[EventDate "2012.01.28"]
[EventType "team-tourn"]
[EventRounds "11"]
[EventCountry "ESP"]
[SourceTitle "EXT 2013"]
[Source "ChessBase"]
[SourceDate "2012.11.22"]
[SourceVersion "1"]
[SourceVersionDate "2012.11.22"]
[SourceQuality "1"]
[WhiteTeam "Lleida"]
[BlackTeam "Montcada"]
[WhiteTeamCountry "ESP"]
[BlackTeamCountry "ESP"]

1. d4 d5 2. Nf3 c6 3. c4 Nf6 4. e3 e6 5. Nc3 Nbd7 6. Bd3 dxc4 7. Bxc4 b5 8. Bd3 Bb7 9. 0-0 a6 10. Qe2 c5 11. Rd1 Qb8 12. e4 cxd4 13. Nxd4 Bd6 14. h3 0-0 15. a3 Re8 16. Bc2 Nf8 17. Nb3 Qc7 18. Be3 Rac8 19. Bd3 Qb8 20. Rac1 Ng6 21. Na5 Ba8 22. b4 Bh2+ 23. Kh1 Be5 24. Bc5 Nf4 25. Qe3 Nxd3 26. Qxd3 Bxc3 27. Qxc3 Nxe4 28. Qe3 Qe5 29. Nb3 Qf5 30. Kg1 Qg6 31. f3 Ng3 32. Nd4 e5 33. Ne2 Nf5 34. Qf2 e4 35. fxe4 Rxe4 36. Rd2 Rce8 37. Rcd1 Qg5 38. Kh2 h6 39. Ng1 Rf4 40. Nf3 Bxf3 41. gxf3 Nh4 42. Rd3 Qf5 43. Bd4 Nxf3+ 44. Rxf3 Rxf3 45. Qg2 Qf4+ 46. Kh1 Rg3 0-1

[Event "Catalunya-chT"]
[Site "Catalunya"]
[Date "2012.02.11"]
[Round "3.8"]
[White "Bravo Barranco, Narciso"]
[Black "Rivas Garcia, Victor"]
[Result "1-0"]
[WhiteElo "2238"]
[BlackElo "2237"]
[PlyCount "85"]
[EventDate "2012.01.28"]
[EventType "team-tourn"]
[EventRounds "11"]
[EventCountry "ESP"]
[SourceTitle "EXT 2013"]
[Source "ChessBase"]
[SourceDate "2012.11.22"]
[SourceVersion "1"]
[SourceVersionDate "2012.11.22"]
[SourceQuality "1"]
[WhiteTeam "Montcada"]
[BlackTeam "Barbera"]
[WhiteTeamCountry "ESP"]
[BlackTeamCountry "ESP"]

1. e4 e6 2. d4 d5 3. Nd2 Nf6 4. e5 Nfd7 5. Bd3 c5 6. c3 Nc6 7. Ne2 cxd4 8. cxd4 f6 9. exf6 Nxf6 10. Nf3 Bd6 11. Bf4 Bxf4 12. Nxf4 Qa5+ 13. Qd2 Qxd2+ 14. Kxd2 0-0 15. Rhe1 Ne4+ 16. Bxe4 Rxf4 17. Bd3 Nxd4 18. Ke3 Nxf3 19. Kxf4 Nxe1 20. Rxe1 Bd7 21. Ke5 Bc6 22. g3 Rd8 23. Kd4 Kf7 24. Re5 g6 25. h4 Kf6 26. f4 b6 27. h5 Be8 28. h6 Rc8 29. Re1 a6 30. g4 Bb5 31. g5+ Kf7 32. Bb1 Rc4+ 33. Ke5 Ke7 34. Rh1 Rc8 35. Rh3 Rc1 36. Bxg6 hxg6 37. f5 gxf5 38. h7 Rc4 39. Re3 Rh4 40. g6 Kf8 41. Kf6 Rh6 42. Rc3 Be8 43. h8Q+ 1-0

[Event "Catalunya-chT"]
[Site "Barcelona"]
[Date "2011.03.26"]
[Round "9"]
[White "Bravo Barranco, Narciso"]
[Black "Ryan, Joseph"]
[Result "1/2-1/2"]
[WhiteElo "2248"]
[BlackElo "2280"]
[PlyCount "42"]
[EventDate "2011.01.29"]
[EventType "team-tourn"]
[EventRounds "11"]
[EventCountry "ESP"]
[SourceTitle "EXT 2012"]
[Source "ChessBase"]
[SourceDate "2011.11.24"]
[SourceVersion "1"]
[SourceVersionDate "2011.11.24"]
[SourceQuality "1"]
[WhiteTeam "Montcada"]
[BlackTeam "Forment"]
[WhiteTeamCountry "ESP"]
[BlackTeamCountry "ESP"]

1. e4 e6 2. d4 d5 3. Nd2 Nf6 4. e5 Nfd7 5. Bd3 c5 6. c3 Nc6 7. Ne2 cxd4 8. cxd4 f6 9. exf6 Nxf6 10. Nf3 Bd6 11. 0-0 0-0 12. Bg5 Bd7 13. Qb1 h6 14. Bf4 Bxf4 15. Nxf4 Ne4 16. g3 g5 17. Bxe4 gxf4 18. Bxd5 exd5 19. Qg6+ Kh8 20. Qxh6+ Kg8 21. Qg6+ Kh8 1/2-1/2

[Event "Catalunya-chT"]
[Site "Barcelona"]
[Date "2011.03.12"]
[Round "7.8"]
[White "Montilla Carrillo, Esteban"]
[Black "Bravo Barranco, Narciso"]
[Result "0-1"]
[WhiteElo "2278"]
[BlackElo "2248"]
[PlyCount "75"]
[EventDate "2011.01.29"]
[EventType "team-tourn"]
[EventRounds "11"]
[EventCountry "ESP"]
[SourceTitle "EXT 2012"]
[Source "ChessBase"]
[SourceDate "2011.11.24"]
[SourceVersion "1"]
[SourceVersionDate "2011.11.24"]
[SourceQuality "1"]
[WhiteTeam "Barcelona Escola Escacs"]
[BlackTeam "Montcada"]
[WhiteTeamCountry "ESP"]
[BlackTeamCountry "ESP"]

1. e4 c6 2. d4 d5 3. e5 Bf5 4. Nc3 e6 5. g4 Bg6 6. Nge2 Qh4 7. Nf4 Bb4 8. Nxg6 hxg6 9. Be3 Nd7 10. h3 Qd8 11. a3 Bxc3+ 12. bxc3 Qa5 13. Bd2 Qc7 14. Bd3 Ne7 15. a4 c5 16. Qb1 Nc6 17. Qb2 Qb6 18. Qxb6 axb6 19. Be3 c4 20. Be2 b5 21. a5 Nb6 22. Kd2 Na4 23. Rab1 Rxa5 24. h4 Nb6 25. h5 gxh5 26. gxh5 Ne7 27. h6 gxh6 28. Bxh6 Nf5 29. Bg5 Rg8 30. Rhg1 Kd7 31. Bf6 Rga8 32. Rbc1 Rf8 33. Rh1 Ra2 34. Rh7 b4 35. cxb4 Nxd4 36. Bh5 Kc6 37. Bxf7 Nd7 38. Be7 0-1

[Event "Catalunya-chT"]
[Site "Barcelona"]
[Date "2011.02.12"]
[Round "3"]
[White "Bravo Barranco, Narciso"]
[Black "Bautista Sanchez, Joan"]
[Result "1/2-1/2"]
[WhiteElo "2248"]
[BlackElo "2199"]
[PlyCount "33"]
[EventDate "2011.01.29"]
[EventType "team-tourn"]
[EventRounds "11"]
[EventCountry "ESP"]
[SourceTitle "EXT 2012"]
[Source "ChessBase"]
[SourceDate "2011.11.24"]
[SourceVersion "1"]
[SourceVersionDate "2011.11.24"]
[SourceQuality "1"]
[WhiteTeam "Montcada"]
[BlackTeam "San Andreu"]
[WhiteTeamCountry "ESP"]
[BlackTeamCountry "ESP"]

1. e4 c6 2. d4 d5 3. Nd2 dxe4 4. Nxe4 Nd7 5. Nf3 Ngf6 6. Nxf6+ Nxf6 7. Bc4 Bf5 8. Ne5 e6 9. g4 Be4 10. f3 Bd5 11. Bd3 b5 12. Qe2 Nd7 13. Bf4 Be7 14. a4 a6 15. Nxd7 Qxd7 16. axb5 cxb5 17. c3 1/2-1/2

[Event "Catalunya-chT Honor"]
[Site "Catalunya"]
[Date "2009.03.15"]
[Round "7"]
[White "De la Riva Aguado, Jorge"]
[Black "Bravo Barranco, Narciso"]
[Result "1-0"]
[WhiteElo "2247"]
[BlackElo "2268"]
[PlyCount "65"]
[EventDate "2009.02.01"]
[EventType "team-tourn"]
[EventRounds "9"]
[EventCountry "ESP"]
[SourceTitle "EXT 2019"]
[Source "ChessBase"]
[SourceDate "2018.10.10"]
[SourceVersion "1"]
[SourceVersionDate "2018.10.10"]
[SourceQuality "1"]
[WhiteTeam "Foment Martinenc"]
[BlackTeam "Montcada"]
[WhiteTeamCountry "ESP"]
[BlackTeamCountry "ESP"]

1. e4 d5 2. exd5 Qxd5 3. Nc3 Qd6 4. d4 c6 5. Nf3 Bg4 6. g3 Nf6 7. Bg2 e6 8. 0-0 Qc7 9. h3 Bxf3 10. Qxf3 Bd6 11. Nb5 Qe7 12. Nxd6+ Qxd6 13. Bf4 Qd8 14. Qa3 Nd5 15. Bd6 Ne7 16. c4 Nf5 17. Bxb8 Rxb8 18. d5 Qe7 19. Qxa7 0-0 20. dxc6 bxc6 21. Qxe7 Nxe7 22. Rab1 Rb4 23. b3 Ra8 24. Rfd1 g6 25. Rb2 Ra7 26. Rd6 c5 27. g4 g5 28. Rbd2 Ng6 29. Rc6 Ra5 30. Be4 Ne5 31. Rc7 Rb8 32. Kg2 Kg7 33. Kg3 1-0

[Event "Catalunya-chT Honor"]
[Site "Catalunya"]
[Date "2008.03.02"]
[Round "6"]
[White "Jausas Farre, Hector"]
[Black "Bravo Barranco, Narciso"]
[Result "1/2-1/2"]
[WhiteElo "2202"]
[BlackElo "2281"]
[PlyCount "36"]
[EventDate "2008.01.27"]
[EventType "team-tourn"]
[EventRounds "9"]
[EventCountry "ESP"]
[SourceTitle "EXT 2019"]
[Source "ChessBase"]
[SourceDate "2018.10.10"]
[SourceVersion "1"]
[SourceVersionDate "2018.10.10"]
[SourceQuality "1"]

1. e4 c6 2. d4 d5 3. Nd2 dxe4 4. Nxe4 Nf6 5. Nxf6+ gxf6 6. c3 Bf5 7. Nf3 e6 8. g3 Qb6 9. Qe2 Bd6 10. Nd2 Be7 11. Nc4 Qb5 12. Bg2 Nd7 13. Bf4 Nb6 14. Nd6+ Bxd6 15. Qxb5 cxb5 16. Bxd6 Kd7 17. Bf4 Nd5 18. Bxd5 exd5 1/2-1/2

[Event "NATO-ch 13th"]
[Site "Brest"]
[Date "2002.10.??"]
[Round "7.8"]
[White "Bravo Barranco, Narciso"]
[Black "Lebel, Patrick"]
[Result "1-0"]
[WhiteElo "2212"]
[BlackElo "2183"]
[PlyCount "73"]
[EventDate "2002.10.07"]
[EventType "swiss"]
[EventRounds "7"]
[EventCountry "FRA"]
[SourceTitle "EXT 2003"]
[Source "ChessBase"]
[SourceDate "2002.11.25"]
[SourceVersion "1"]
[SourceVersionDate "2002.11.25"]
[SourceQuality "1"]

1. d4 e6 2. Nf3 b6 3. g3 Bb7 4. Bg2 d6 5. c4 Nd7 6. Nc3 g6 7. 0-0 Bg7 8. e4 Ne7 9. Bg5 h6 10. Be3 0-0 11. Qd2 Kh7 12. h4 Rb8 13. d5 e5 14. Bh3 Bc8 15. Kg2 Nf6 16. Bxc8 Qxc8 17. Nh2 a6 18. b4 c5 19. Rab1 Nh5 20. f3 f5 21. Bf2 Qd7 22. Rb3 Ng8 23. Rfb1 Rbc8 24. Ra3 Ra8 25. bxc5 bxc5 26. Rb6 Ngf6 27. Qe2 Ne8 28. Raxa6 Rxa6 29. Rxa6 Qb7 30. Rc6 Bf6 31. Nb5 fxe4 32. Qxe4 Be7 33. Ng4 Nhf6 34. Nxf6+ Nxf6 35. Qc2 Ne8 36. Bxc5 e4 37. Qxe4 1-0

[Event "NATO-ch 13th"]
[Site "Brest"]
[Date "2002.10.??"]
[Round "5.7"]
[White "Bravo Barranco, Narciso"]
[Black "Schott, Guido"]
[Result "1-0"]
[WhiteElo "2212"]
[BlackElo "2178"]
[PlyCount "149"]
[EventDate "2002.10.07"]
[EventType "swiss"]
[EventRounds "7"]
[EventCountry "FRA"]
[SourceTitle "EXT 2003"]
[Source "ChessBase"]
[SourceDate "2002.11.25"]
[SourceVersion "1"]
[SourceVersionDate "2002.11.25"]
[SourceQuality "1"]

1. d4 d5 2. c4 e6 3. Nf3 Nf6 4. g3 c5 5. Bg2 Nc6 6. 0-0 Be7 7. Nc3 0-0 8. cxd5 exd5 9. Bg5 c4 10. Ne5 Be6 11. b3 cxb3 12. Nxc6 bxc6 13. Qxb3 c5 14. Bxf6 Bxf6 15. dxc5 Qa5 16. Rac1 Rab8 17. Qc2 Rfd8 18. e3 Rbc8 19. Ne2 d4 20. Nxd4 Bxd4 21. exd4 Rxd4 22. Rfd1 Rxd1+ 23. Rxd1 Rxc5 24. Qxc5 Qxc5 25. Rd8+ Qf8 26. Rxf8+ Kxf8 27. a3 Bc4 28. f4 Ke7 29. Kf2 Kd6 30. Ke3 Kc5 31. Be4 h6 32. g4 f6 33. h4 Be6 34. g5 Kc4 35. gxh6 gxh6 36. Bc6 Kb3 37. a4 Kb4 38. Kd4 a5 39. Ke4 Bb3 40. Kf5 Bxa4 41. Bxa4 Kxa4 42. Kxf6 Kb4 43. Kg6 a4 44. f5 a3 45. f6 a2 46. f7 a1Q 47. f8Q+ Kc4 48. Qf4+ Kd3 49. Qf3+ Kd2 50. Qf6 Qb1+ 51. Kxh6 Ke2 52. h5 Qc1+ 53. Kg7 Qc7+ 54. Kg6 Qc2+ 55. Qf5 Qc6+ 56. Kg5 Qc1+ 57. Kf6 Qh6+ 58. Kf7 Kd1 59. Kg8 Qe3 60. Qb1+ Kd2 61. Qb4+ Kd1 62. Qd6+ Kc1 63. h6 Qb3+ 64. Kg7 Qb2+ 65. Kf7 Qa2+ 66. Ke7 Qe2+ 67. Kd8 Qe4 68. Qc7+ Kb1 69. h7 Qh4+ 70. Kc8 Qh3+ 71. Kb8 Qh6 72. Qb7+ Ka1 73. Qa7+ Kb2 74. Qd4+ Kb1 75. h8Q 1-0

[Event "NATO-ch 13th"]
[Site "Brest"]
[Date "2002.10.??"]
[Round "6.1"]
[White "Helbig, Mark"]
[Black "Bravo Barranco, Narciso"]
[Result "1-0"]
[WhiteElo "2226"]
[BlackElo "2212"]
[PlyCount "75"]
[EventDate "2002.10.07"]
[EventType "swiss"]
[EventRounds "7"]
[EventCountry "FRA"]
[SourceTitle "EXT 2003"]
[Source "ChessBase"]
[SourceDate "2002.11.25"]
[SourceVersion "1"]
[SourceVersionDate "2002.11.25"]
[SourceQuality "1"]

1. d4 Nf6 2. c4 c5 3. d5 b5 4. cxb5 a6 5. bxa6 Bxa6 6. Nc3 g6 7. Nf3 d6 8. h3 Bg7 9. e4 Bxf1 10. Kxf1 0-0 11. Kg1 Na6 12. Kh2 Qb8 13. Re1 Nc7 14. a4 Qb7 15. Re2 Rfb8 16. Ra3 Nd7 17. Bg5 Kf8 18. Qd2 Qa6 19. Bh6 Kg8 20. Bxg7 Kxg7 21. Qg5 Nf6 22. e5 Nfxd5 23. Nxd5 Nxd5 24. Rd2 h6 25. Qg3 Nb6 26. exd6 Nc4 27. dxe7 Nxd2 28. Nxd2 Qf6 29. Re3 Re8 30. Ne4 Qxb2 31. Nd6 f6 32. Qg4 Qxf2 33. Qe6 h5 34. Rf3 Qd4 35. Qf7+ Kh6 36. Nxe8 f5 37. Rg3 Ra6 38. Nd6 1-0